000
00217nam a2200097Ia 4500
008
190216s9999||||xx |||||||||||||| ||und||
100
_a
Jos K Mangali
245
0
_a
Parinamam
260
_b
Kerala Basha Inst
942
_c
BK
999
_c
37550
_d
37550